Knowledge engineering and management / (Record no. 193382)

MARC details
000 -LEADER
fixed length control field 00970nam a2200301Ia 4500
003 - CONTROL NUMBER IDENTIFIER
control field OSt
005 - DATE AND TIME OF LATEST TRANSACTION
control field 20260323091335.0
008 - FIXED-LENGTH DATA ELEMENTS--GENERAL INFORMATION
fixed length control field 210716s2009 xx 000 0 und d
020 ## - INTERNATIONAL STANDARD BOOK NUMBER
International Standard Book Number 9788173713927
040 ## - CATALOGING SOURCE
Transcribing agency AIMIT LIBRARY
041 ## - LANGUAGE CODE
Language code of text/sound track or separate title eng
082 ## - DEWEY DECIMAL CLASSIFICATION NUMBER
Classification number 658.406
Item number SCHG
100 ## - MAIN ENTRY--PERSONAL NAME
Personal name Schreiber, Guus.
9 (RLIN) 258948
245 ## - TITLE STATEMENT
Title Knowledge engineering and management /
Statement of responsibility, etc. By Guus Schreiber ...[et.al.].
250 ## - EDITION STATEMENT
Edition statement 1st ed.
260 ## - PUBLICATION, DISTRIBUTION, ETC.
Place of publication, distribution, etc. Hyderabad :
Name of publisher, distributor, etc. Universities Press ,
Date of publication, distribution, etc. 2009.
300 ## - PHYSICAL DESCRIPTION
Extent xiv,455 p.;
Other physical details PB
Dimensions 24 cm.
650 ## - SUBJECT ADDED ENTRY--TOPICAL TERM
Topical term or geographic name entry element Knowledge engineering basics
9 (RLIN) 258949
650 ## - SUBJECT ADDED ENTRY--TOPICAL TERM
Topical term or geographic name entry element Task and its organizational context
9 (RLIN) 258950
650 ## - SUBJECT ADDED ENTRY--TOPICAL TERM
Topical term or geographic name entry element Knowledge model construction
9 (RLIN) 258951
700 ## - ADDED ENTRY--PERSONAL NAME
Personal name Akkermans, Hans.
9 (RLIN) 258952
700 ## - ADDED ENTRY--PERSONAL NAME
Personal name Anjewierden, Anjo.
9 (RLIN) 258953
700 ## - ADDED ENTRY--PERSONAL NAME
Personal name Hoog, Robert De.
9 (RLIN) 258954
700 ## - ADDED ENTRY--PERSONAL NAME
Personal name Shadbolt, Nigel.
9 (RLIN) 258955
700 ## - ADDED ENTRY--PERSONAL NAME
Personal name Velde, Walter Van de.
9 (RLIN) 258956
700 ## - ADDED ENTRY--PERSONAL NAME
Personal name Wielinga, Bob.
9 (RLIN) 258957
942 ## - ADDED ENTRY ELEMENTS (KOHA)
Source of classification or shelving scheme Dewey Decimal Classification
Koha item type Book
Call number prefix 658.406 SCHG
Holdings
Withdrawn status Lost status Source of classification or shelving scheme Damaged status Not for loan Collection code Home library Current library Shelving location Source of acquisition Cost, normal purchase price Inventory number Total Checkouts Full call number Barcode Date last seen Cost, replacement price Price effective from Koha item type
    Dewey Decimal Classification     MCA St Aloysius Institute of Management & Information Technology St Aloysius Institute of Management & Information Technology Knowledge & Innovation management Knowledge World 650.00 Bill no:1616; Bill dt:2013-05-20   658.406 SCHG MCA12890 07/21/2025 487.50 07/16/2021 Book